| 000 -LEADER |
| fixed length control field |
01019cam a2200301 a 4500 |
| 001 - CONTROL NUMBER |
| control field |
144016 |
| 003 - CONTROL NUMBER IDENTIFIER |
| control field |
KHC-NET |
| 005 - DATE AND TIME OF LATEST TRANSACTION |
| control field |
20241030095605.0 |
| 008 - FIXED-LENGTH DATA ELEMENTS--GENERAL INFORMATION |
| fixed length control field |
090623r20082008xxka 000 1 eng d |
| 020 ## - INTERNATIONAL STANDARD BOOK NUMBER |
| International Standard Book Number |
9780194792356 (pbk.) : |
| 040 ## - CATALOGING SOURCE |
| Original cataloging agency |
nkhc |
| Language of cataloging |
eng |
| Transcribing agency |
nkhc |
| Modifying agency |
KH8 |
| 041 0# - LANGUAGE CODE |
| Language code of text/sound track or separate title |
eng |
| 042 ## - AUTHENTICATION CODE |
| Authentication code |
nbic |
| 082 0# - DEWEY DECIMAL CLASSIFICATION NUMBER |
| Classification number |
428.6 WES |
| 100 1# - MAIN ENTRY--PERSONAL NAME |
| Personal name |
West, Clare, |
| Relator term |
author. |
| 245 10 - TITLE STATEMENT |
| Title |
Land of my childhood : |
| Remainder of title |
stories from South Asia / |
| Statement of responsibility, etc. |
retold by Clare West ; illustrated by Arya Praharaj. |
| 250 ## - EDITION STATEMENT |
| Edition statement |
Simplified ed. |
| 260 ## - PUBLICATION, DISTRIBUTION, ETC. |
| Place of publication, distribution, etc. |
Oxford : |
| Name of publisher, distributor, etc. |
Oxford University Press, |
| Date of publication, distribution, etc. |
c2008. |
| 300 ## - PHYSICAL DESCRIPTION |
| Extent |
[viii], 87 p. : |
| Other physical details |
ill. ; |
| Dimensions |
20 cm. |
| 490 0# - SERIES STATEMENT |
| Series statement |
Oxford bookworms library. Stage 4, World stories. |
| 500 ## - GENERAL NOTE |
| General note |
First published in Oxford Bookworms 2008. |
| 650 #0 - SUBJECT ADDED ENTRY--TOPICAL TERM |
| Topical term or geographic name entry element |
South Asian fiction |
| Chronological subdivision |
20th century. |
| 650 #0 - SUBJECT ADDED ENTRY--TOPICAL TERM |
| Topical term or geographic name entry element |
Short stories, South Asian. |
| 650 #0 - SUBJECT ADDED ENTRY--TOPICAL TERM |
| Topical term or geographic name entry element |
Readers (Adult) |
| 650 #0 - SUBJECT ADDED ENTRY--TOPICAL TERM |
| Topical term or geographic name entry element |
English language |
| Form subdivision |
Textbooks for foreign speakers. |
| 650 #0 - SUBJECT ADDED ENTRY--TOPICAL TERM |
| Topical term or geographic name entry element |
Reading comprehension |
| Form subdivision |
Problems, exercises, etc. |
| 942 ## - ADDED ENTRY ELEMENTS (KOHA) |
| Source of classification or shelving scheme |
|
| Koha item type |
Teaching Resources |